ბათუმის შოთა რუსთაველის სახელმწიფო უნივერსიტეტის ბიბლიოთეკა

Археологические исследования на новостройках Грузинской ССР : Сборник статей / (ბიბ.ჩანაწერი № 61226)

000 -LEADER
fixed length control field 01310nam a22001937a 4500
005 - DATE AND TIME OF LATEST TRANSACTION
control field 20240109140124.0
008 - FIXED-LENGTH DATA ELEMENTS--GENERAL INFORMATION
fixed length control field 240109s1976 ru ||||| |||| 00| 0 rus d
041 ## - LANGUAGE CODE
Language code of text/sound track or separate title rus
080 ## - UNIVERSAL DECIMAL CLASSIFICATION NUMBER
Universal Decimal Classification number 902.6 A-87
245 ## - TITLE STATEMENT
Title Археологические исследования на новостройках Грузинской ССР : Сборник статей /
Statement of responsibility, etc. Академия Наук Грузинской ССР. Институт истории, археологии и этнографии им. И.А. Джавахишвили ; Редакторы: О.Д. Лордкипанидзе, Т.К. Микеладзе
264 ## - PRODUCTION, PUBLICATION, DISTRIBUTION, MANUFACTURE, AND COPYRIGHT NOTICE
Place of production, publication, distribution, manufacture Тбилиси :
Name of producer, publisher, distributor, manufacturer Мецниереба,
Date of production, publication, distribution, manufacture, or copyright notice 1976.
300 ## - PHYSICAL DESCRIPTION
Extent 104 с.:
Other physical details ил. ;
Dimensions 25 см.
653 ## - INDEX TERM--UNCONTROLLED
keyword ქალაქების არქეოლოგია
653 ## - INDEX TERM--UNCONTROLLED
keyword არქეოლოგიური კვლევა-ძიება საქართველოში.
700 ## - ADDED ENTRY--PERSONAL NAME
Personal name Микеладзе, Т.К.
Relator term რედაქტორი
9 (RLIN) 20977
700 ## - ADDED ENTRY--PERSONAL NAME
Personal name Лорткипанидзе, О.Д.
Relator term რედაქტორი
9 (RLIN) 20978
710 ## - ADDED ENTRY--CORPORATE NAME
Corporate name or jurisdiction name as entry element Академия Наук Грузинской ССР
Date of meeting or treaty signing Институт истории, археологии и этнографии им. И.А Джавахишвили.
9 (RLIN) 20853
942 ## - ADDED ENTRY ELEMENTS (KOHA)
Source of classification or shelving scheme
Koha item type წიგნი
ეგზემპლარები
Withdrawn status Lost status Source of classification or shelving scheme Damaged status Not for loan Permanent Location Current Location Shelving location Date acquired Cost, normal purchase price Full call number Barcode Date last seen Copy number Uniform Resource Identifier Price effective from Koha item type Public note
          ბათუმის შოთა რუსთაველის სახელმწიფო უნივერსიტეტის მთავარი ბიბლიოთეკა ბათუმის შოთა რუსთაველის სახელმწიფო უნივერსიტეტის მთავარი ბიბლიოთეკა წიგნსაცავი 2024-01-09 8.00 902.6 A-87 65740 2024-01-09 65740 ბსუ-ს საპატიო დოქტორის გურამ ლორთქიფანიძის საჩუქარი 2024-01-09 წიგნი 8 ლ.